[Event "Little Mountain Active"]
[Site "Vancouver CAN"]
[Date "2003.06.18"]
[Round "2"]
[White "Davies, Noam"]
[Black "Sladek, Vaclav"]
[Result "1-0"]
[WhiteElo "1487"]
[BlackElo "1926"]
[PlyCount "67"]
[EventDate "2003.06.18"]
[EventType "swiss (rapid)"]
[EventRounds "6"]
[EventCountry "CAN"]

1. e4 c5 2. Nf3 e6 3. d4 cxd4 4. Nxd4 Qb6 5. Nc3 Bc5 6. Na4 Qa5+ 7. c3 Bxd4 8.
Qxd4 Nf6 9. f3 Nc6 10. Qd1 O-O 11. Be3 d5 12. exd5 Nxd5 13. Bf2 Rd8 14. Qc2 b5
15. Nc5 b4 16. Nb3 Qc7 17. c4 Qe5+ 18. Be2 Nf4 19. Kf1 Nxe2 20. Qxe2 Qxe2+ 21.
Kxe2 a5 22. Rad1 Ba6 23. Rxd8+ Rxd8 24. Rc1 Kf8 25. f4 Ke7 26. Bb6 Ra8 27. Nxa5
Nxa5 28. Bxa5 Rb8 29. b3 Kd6 30. Rd1+ Kc6 31. Ke3 Kc5 32. Bc7 Rb7 33. Bd6+ Kc6
34. Bf8 1-0

[Event "Little Mountain Active"]
[Site "Vancouver CAN"]
[Date "2003.07.02"]
[Round "5"]
[White "Sladek, Vaclav"]
[Black "Davies, Lucas"]
[Result "1-0"]
[WhiteElo "1926"]
[BlackElo "1697"]
[PlyCount "61"]
[EventDate "2003.06.18"]
[EventType "swiss (rapid)"]
[EventRounds "6"]
[EventCountry "CAN"]

1. d4 Nf6 2. c4 e6 3. Nc3 Bb4 4. f3 d5 5. a3 Bxc3+ 6. bxc3 O-O 7. e3 c5 8. Bd3
Nc6 9. Ne2 b6 10. O-O Ba6 11. cxd5 Bxd3 12. Qxd3 exd5 13. a4 c4 14. Qc2 Re8 15.
Bd2 Na5 16. Rae1 Nb3 17. Ng3 Qd7 18. e4 Nxd2 19. Qxd2 Qxa4 20. e5 Nd7 21. f4
Qc6 22. f5 f6 23. e6 Nb8 24. Nh5 Qc7 25. Rf3 Nc6 26. Rg3 Kh8 27. Rxg7 Qxg7 28.
Nxg7 Kxg7 29. Re3 Kh8 30. Rh3 Re7 31. Qh6 1-0

[Event "London Closed"]
[Site "London CAN"]
[Date "2003.04.02"]
[Round "1"]
[White "Jackson, David"]
[Black "Zendrowski, Jay"]
[Result "1/2-1/2"]
[WhiteElo "2093"]
[BlackElo "2254"]
[PlyCount "49"]
[EventDate "2003.04.02"]
[EventType "tourn"]
[EventRounds "10"]
[EventCountry "CAN"]
[Source "CFC"]
[SourceDate "2003.06.??"]

1. e4 c5 2. Nf3 Nc6 3. d4 cxd4 4. Nxd4 Nf6 5. Nc3 e5 6. Nb3 Bb4 7. Bd3 d5 8.
exd5 Nxd5 9. O-O Nxc3 10. bxc3 Bxc3 11. Ba3 Bxa1 12. Qxa1 Nd4 13. f4 Be6 14.
fxe5 Nxb3 15. Bb5+ Bd7 16. Bxd7+ Qxd7 17. axb3 Rd8 18. Bd6 a6 19. c4 h5 20. c5
Qg4 21. Qc3 Rh6 22. h3 Qg5 23. c6 bxc6 24. Qxc6+ Rd7 25. Qxa6 1/2-1/2

[Event "MacAdam mem"]
[Site "Victoria CAN"]
[Date "2003.01.18"]
[Round "1"]
[White "Churchill, Sam"]
[Black "Martinson, Rick"]
[Result "0-1"]
[WhiteElo "1236"]
[BlackElo "1825"]
[PlyCount "60"]
[EventDate "2003.01.18"]
[EventType "swiss"]
[EventRounds "5"]
[EventCountry "CAN"]

1. e4 c5 2. b4 cxb4 3. c4 bxc3 4. Nxc3 d6 5. Bc4 Nf6 6. f4 Nc6 7. Nf3 e6 8. Qb3
a6 9. a4 Na5 10. Qa2 Nxc4 11. Qxc4 Bd7 12. O-O Be7 13. Bb2 Bc6 14. Qe2 O-O 15.
d4 Re8 16. Qc2 h6 17. d5 exd5 18. exd5 Nxd5 19. Nxd5 Bxd5 20. Rfd1 Bc6 21. Ne5
Qc7 22. Ng4 Qd8 23. Re1 Rc8 24. Qb3 Bd7 25. Nxh6+ Kh7 26. Nxf7 Qa5 27. Qd3+ Bf5
28. Ng5+ Bxg5 29. fxg5 Rxe1+ 30. Rxe1 Qb6+ 0-1

[Event "MacAdam mem"]
[Site "Victoria CAN"]
[Date "2003.01.18"]
[Round "1"]
[White "Friesen, Mike"]
[Black "Gansvind, Valeriya"]
[Result "0-1"]
[WhiteElo "1828"]
[BlackElo "2309"]
[PlyCount "49"]
[EventDate "2003.01.18"]
[EventType "swiss"]
[EventRounds "5"]
[EventCountry "CAN"]

1. g3 d5 2. Bg2 c6 3. d3 Nf6 4. Nd2 Bg4 5. h3 Bh5 6. Ngf3 Nbd7 7. O-O e6 8. e4
Bd6 9. Qe1 Qc8 10. d4 dxe4 11. Nxe4 Nxe4 12. Qxe4 Nf6 13. Qe1 Bg6 14. c4 Bd3
15. d5 cxd5 16. cxd5 Nxd5 17. Ng5 O-O 18. Be4 Bxf1 19. Bxh7+ Kh8 20. Qxf1 Nf6
21. Bb1 Qc7 22. Qd1 Rad8 23. Qe1 Bb4 24. Qxb4 Qxc1+ 25. Kg2 0-1

[Event "MacAdam mem"]
[Site "Victoria CAN"]
[Date "2003.01.18"]
[Round "1"]
[White "Neufahrt, Gerhard"]
[Black "Chesher, Micah"]
[Result "1-0"]
[WhiteElo "2005"]
[BlackElo "1272"]
[PlyCount "63"]
[EventDate "2003.01.18"]
[EventType "swiss"]
[EventRounds "5"]
[EventCountry "CAN"]

1. e4 d5 2. exd5 Qxd5 3. Nc3 Qd8 4. Nf3 Nc6 5. Bc4 Bf5 6. d4 Nb4 7. Bb3 Nf6 8.
a3 Nbd5 9. Ne5 e6 10. Nxd5 exd5 11. Qe2 Be7 12. Qb5+ c6 13. Qxb7 O-O 14. Nxc6
Bb4+ 15. axb4 Re8+ 16. Be3 Qd6 17. O-O Ng4 18. Ne5 Nxe5 19. dxe5 Qg6 20. Bxd5
Rf8 21. Ra6 Rab8 22. Rxg6 Rxb7 23. Rg5 Rd7 24. Bb3 Rfd8 25. Rxf5 g6 26. Rf6 Re7
27. Bc5 Red7 28. Rxf7 Rxf7 29. e6 Rf6 30. e7+ Rd5 31. e8=Q+ Kg7 32. Bxd5 1-0

[Event "MacAdam mem"]
[Site "Victoria CAN"]
[Date "2003.01.18"]
[Round "1"]
[White "Overton, Smiler"]
[Black "Aquino, Manfrei"]
[Result "0-1"]
[WhiteElo "1453"]
[BlackElo "2029"]
[PlyCount "74"]
[EventDate "2003.01.18"]
[EventType "swiss"]
[EventRounds "5"]
[EventCountry "CAN"]

1. d4 c5 2. e3 d5 3. g3 Nf6 4. Bg2 Bg4 5. Ne2 Nc6 6. Nbc3 cxd4 7. exd4 e5 8.
dxe5 Nxe5 9. h3 Bf3 10. O-O Bc5 11. Bxf3 Nxf3+ 12. Kg2 Ne5 13. Nf4 d4 14. Re1
dxc3 15. Rxe5+ Be7 16. Qxd8+ Kxd8 17. Nd5 Nxd5 18. Rxd5+ Kc7 19. Bf4+ Kc6 20.
Re5 Bf6 21. Re3 cxb2 22. Rb1 Rhe8 23. c3 Rxe3 24. Bxe3 Bxc3 25. Bc1 b5 26. Bxb2
Bxb2 27. Rxb2 Re8 28. f4 a5 29. Kf3 b4 30. Rc2+ Kb6 31. Rb2 Re7 32. a3 Kb5 33.
g4 Ka4 34. axb4 axb4 35. Re2 Rxe2 36. Kxe2 Kb3 37. Kd2 Ka2 0-1

[Event "MacAdam mem"]
[Site "Victoria CAN"]
[Date "2003.01.18"]
[Round "2"]
[White "Aquino, Manfrei"]
[Black "Moore, Harry"]
[Result "0-1"]
[WhiteElo "2029"]
[BlackElo "2277"]
[PlyCount "68"]
[EventDate "2003.01.18"]
[EventType "swiss"]
[EventRounds "5"]
[EventCountry "CAN"]

1. d4 Nf6 2. c4 g6 3. Nc3 d5 4. cxd5 Nxd5 5. e4 Nxc3 6. bxc3 Bg7 7. Bc4 c5 8.
Be3 O-O 9. Ne2 cxd4 10. cxd4 Nc6 11. O-O Bg4 12. f3 Na5 13. Bd3 Be6 14. Qa4 a6
15. Rac1 b5 16. Qb4 Bxa2 17. Ra1 Bc4 18. Rxa5 Bxd3 19. Kf2 e5 20. Rfa1 Bxe2 21.
Kxe2 exd4 22. Rd1 Qh4 23. Bxd4 Qxh2 24. Bxg7 Qxg2+ 25. Ke3 Qg5+ 26. Kf2 Kxg7
27. Rd6 Rfc8 28. Qb2+ Kg8 29. Rdxa6 Rxa6 30. Rxa6 Rd8 31. Ra2 h5 32. Qe2 h4 33.
Rb2 h3 34. Qxb5 Qh4+ 0-1

[Event "MacAdam mem"]
[Site "Victoria CAN"]
[Date "2003.01.18"]
[Round "2"]
[White "Churchill, Sam"]
[Black "Overton, Smiler"]
[Result "1-0"]
[WhiteElo "1236"]
[BlackElo "1453"]
[PlyCount "34"]
[EventDate "2003.01.18"]
[EventType "swiss"]
[EventRounds "5"]
[EventCountry "CAN"]

1. e4 e5 2. d4 exd4 3. Qxd4 Nc6 4. Qe3 d6 5. Nc3 g6 6. Bd2 Bg7 7. O-O-O Nf6 8.
Be2 O-O 9. h4 Re8 10. h5 Bf5 11. f3 d5 12. h6 dxe4 13. hxg7 exf3 14. Qxf3 Nd7
15. Qf2 Rxe2 16. Ngxe2 Kxg7 17. Bh6+ Kg8 1-0

[Event "MacAdam mem"]
[Site "Victoria CAN"]
[Date "2003.01.18"]
[Round "2"]
[White "Gansvind, Valeriya"]
[Black "Neufahrt, Gerhard"]
[Result "1/2-1/2"]
[WhiteElo "2309"]
[BlackElo "2005"]
[PlyCount "92"]
[EventDate "2003.01.18"]
[EventType "swiss"]
[EventRounds "5"]
[EventCountry "CAN"]

1. d4 g6 2. e4 c6 3. Nc3 d5 4. e5 h5 5. Bd3 Nh6 6. Nce2 Bf5 7. Nf3 Bxd3 8. Qxd3
Nf5 9. c3 e6 10. Bg5 Be7 11. h4 Nd7 12. Ng3 Qb6 13. Nxf5 gxf5 14. Qd2 Rg8 15.
Qe2 c5 16. O-O Nf8 17. Bxe7 Kxe7 18. dxc5 Qxc5 19. Ng5 Ng6 20. g3 d4 21. cxd4
Qxd4 22. Qb5 Rad8 23. Rad1 Qxd1 24. Rxd1 Rxd1+ 25. Kh2 Rgd8 26. Qxb7+ R1d7 27.
Qb4+ Ke8 28. Nh7 Ne7 29. Nf6+ Kf8 30. Nxd7+ Rxd7 31. Qf4 Ng6 32. Qh6+ Kg8 33.
f4 Rd2+ 34. Kg1 Rxb2 35. Qxh5 Rxa2 36. Qg5 Ra1+ 37. Kg2 Kh7 38. h5 Nh8 39. g4
Ra2+ 40. Kg3 Ra3+ 41. Kf2 Ra2+ 42. Kg3 Ra1 43. Kg2 Ra2+ 44. Kf3 Ra3+ 45. Kf2
Ra2+ 46. Kf3 Ra3+ 1/2-1/2

[Event "MacAdam mem"]
[Site "Victoria CAN"]
[Date "2003.01.18"]
[Round "2"]
[White "Stanford, Mike"]
[Black "Churchill, Greg"]
[Result "1/2-1/2"]
[WhiteElo "2204"]
[BlackElo "1864"]
[PlyCount "70"]
[EventDate "2003.01.18"]
[EventType "swiss"]
[EventRounds "5"]
[EventCountry "CAN"]

1. c4 Nf6 2. e3 g6 3. b3 Bg7 4. Bb2 O-O 5. d3 c6 6. Nd2 d5 7. Ngf3 Bg4 8. Qc2
Nbd7 9. h3 Bxf3 10. Nxf3 Rc8 11. Be2 Re8 12. O-O e5 13. Rfd1 Qc7 14. Rac1 c5
15. cxd5 Nxd5 16. a3 b6 17. Qc4 Qb7 18. Nd2 b5 19. Qc2 Qb8 20. Bf3 N5b6 21. a4
a6 22. axb5 axb5 23. Ne4 Nd5 24. Ra1 Qb6 25. Nc3 Nb4 26. Qd2 Rcd8 27. Ba3 Na6
28. Nd5 Qb8 29. Bb2 Nb6 30. Nxb6 Qxb6 31. Qa5 Re6 32. Qxb6 Rxb6 33. Bc3 Rbd6
34. Be2 b4 35. Bb2 Nc7 1/2-1/2

[Event "MacAdam mem"]
[Site "Victoria CAN"]
[Date "2003.01.18"]
[Round "3"]
[White "Leblanc, Paul"]
[Black "Gansvind, Valeriya"]
[Result "0-1"]
[WhiteElo "2047"]
[BlackElo "2309"]
[PlyCount "33"]
[EventDate "2003.01.18"]
[EventType "swiss"]
[EventRounds "5"]
[EventCountry "CAN"]

1. e4 c5 2. d3 e6 3. f4 d5 4. Nc3 Nc6 5. Nf3 g6 6. g3 Bg7 7. e5 Nge7 8. d4 cxd4
9. Nxd4 a6 10. Be3 O-O 11. Qd2 Bd7 12. Be2 Rc8 13. Nb3 Na5 14. Nc5 Nf5 15. Bf2
Nc6 16. O-O d4 17. Nd1 0-1

[Event "MacAdam mem"]
[Site "Victoria CAN"]
[Date "2003.01.18"]
[Round "3"]
[White "Moore, Harry"]
[Black "Chan, James"]
[Result "1-0"]
[WhiteElo "2277"]
[BlackElo "1970"]
[PlyCount "55"]
[EventDate "2003.01.18"]
[EventType "swiss"]
[EventRounds "5"]
[EventCountry "CAN"]

1. e4 Nf6 2. e5 Nd5 3. Nc3 c6 4. Bc4 e6 5. Nf3 d6 6. O-O Nd7 7. d4 Nxc3 8. bxc3
d5 9. Bd3 Be7 10. Bd2 Qc7 11. Ng5 Nf8 12. Qh5 Bd8 13. f4 h6 14. c4 g6 15. Qh3
Be7 16. cxd5 cxd5 17. Rab1 Bd7 18. Bb4 Bc6 19. Bxe7 Qxe7 20. c4 dxc4 21. Bxc4
Rd8 22. Bb5 Bxb5 23. Ne4 Bxf1 24. Nf6+ Qxf6 25. exf6 Ba6 26. Qa3 Rd7 27. Rc1
Kd8 28. Qa5+ 1-0

[Event "MacAdam mem"]
[Site "Victoria CAN"]
[Date "2003.01.18"]
[Round "3"]
[White "Neufahrt, Gerhard"]
[Black "Aquino, Manfrei"]
[Result "1-0"]
[WhiteElo "2005"]
[BlackElo "2029"]
[PlyCount "65"]
[EventDate "2003.01.18"]
[EventType "swiss"]
[EventRounds "5"]
[EventCountry "CAN"]

1. d4 Nf6 2. Nf3 d5 3. Bf4 c5 4. e3 Nc6 5. c3 e6 6. Bd3 cxd4 7. exd4 Bd6 8. Ne5
Qc7 9. Qe2 Nd7 10. Bb5 a6 11. Bxc6 bxc6 12. Nd2 O-O 13. Bg3 f6 14. Nxc6 Bxg3
15. Qxe6+ Kh8 16. hxg3 Nb8 17. Qxd5 Re8+ 18. Ne5 Bb7 19. Qc4 Qxc4 20. Ndxc4
Bxg2 21. Rh2 Bd5 22. Nb6 fxe5 23. Nxd5 exd4+ 24. Kd2 Ra7 25. c4 Nc6 26. f4 Rb7
27. b3 Kg8 28. Re2 Rc8 29. Rae1 Kf7 30. f5 a5 31. g4 Rd8 32. g5 Rdd7 33. g6+
1-0

[Event "MacAdam mem"]
[Site "Victoria CAN"]
[Date "2003.01.19"]
[Round "4"]
[White "Churchill, Sam"]
[Black "Aquino, Manfrei"]
[Result "1/2-1/2"]
[WhiteElo "1236"]
[BlackElo "2029"]
[PlyCount "54"]
[EventDate "2003.01.18"]
[EventType "swiss"]
[EventRounds "5"]
[EventCountry "CAN"]

1. d4 Nf6 2. c4 c5 3. d5 b5 4. a4 bxc4 5. Nc3 d6 6. e4 Ba6 7. a5 g6 8. Nf3 Bg7
9. Nd2 O-O 10. Bxc4 Bxc4 11. Nxc4 Nbd7 12. O-O Qb8 13. Be3 Qb4 14. Ra4 Qb7 15.
f3 Ne8 16. Qd2 Nc7 17. Kh1 Nb5 18. Nxb5 Qxb5 19. Rfa1 Rab8 20. Bh6 Ne5 21. Nxe5
Bxe5 22. Bxf8 Kxf8 23. R4a2 c4 24. g3 Qb3 25. Ra3 Qxb2 26. Qxb2 Bxb2 27. Rb1
Rb4 1/2-1/2

[Event "MacAdam mem"]
[Site "Victoria CAN"]
[Date "2003.01.19"]
[Round "4"]
[White "Gansvind, Valeriya"]
[Black "Moore, Harry"]
[Result "1-0"]
[WhiteElo "2309"]
[BlackElo "2277"]
[PlyCount "83"]
[EventDate "2003.01.18"]
[EventType "swiss"]
[EventRounds "5"]
[EventCountry "CAN"]

1. d4 Nf6 2. Bg5 e6 3. Nd2 d5 4. e3 Be7 5. Bd3 Nbd7 6. Ngf3 O-O 7. O-O c5 8. c3
b6 9. Ne5 Bb7 10. f4 Ne4 11. Bxe7 Qxe7 12. Nxd7 Qxd7 13. Nf3 f6 14. Qe2 cxd4
15. exd4 Qd6 16. g3 Bc6 17. Rfe1 Rae8 18. Rad1 Qd7 19. Nd2 Nd6 20. Qh5 g6 21.
Qh3 Qf7 22. Qf1 Qd7 23. Nf3 Ne4 24. Re3 Qb7 25. Qe1 b5 26. Nd2 f5 27. Nb3 Qg7
28. Qf1 g5 29. Qg2 Rf6 30. Rf1 Rg6 31. Be2 b4 32. Bh5 bxc3 33. Bxg6 Qxg6 34.
bxc3 Bb5 35. Rfe1 Kh8 36. fxg5 Qxg5 37. Nc5 Qe7 38. Nd3 Qc7 39. Ne5 f4 40. Rf3
Nxc3 41. Qb2 Ba6 42. Rxc3 1-0

[Event "MacAdam mem"]
[Site "Victoria CAN"]
[Date "2003.01.19"]
[Round "5"]
[White "Chan, James"]
[Black "Gansvind, Valeriya"]
[Result "0-1"]
[WhiteElo "1970"]
[BlackElo "2309"]
[PlyCount "56"]
[EventDate "2003.01.18"]
[EventType "swiss"]
[EventRounds "5"]
[EventCountry "CAN"]

1. d4 Nf6 2. c4 e5 3. dxe5 Ng4 4. Nf3 Nc6 5. Bf4 Bb4+ 6. Nbd2 Qe7 7. e3 Ngxe5
8. Be2 O-O 9. O-O Bxd2 10. Qxd2 d6 11. b4 Nxf3+ 12. Bxf3 Ne5 13. Be2 Re8 14.
Rfc1 b6 15. c5 dxc5 16. bxc5 Bb7 17. Bxe5 Qxe5 18. c6 Bc8 19. Qc3 Qxc3 20. Rxc3
Bf5 21. Ba6 Rad8 22. a4 Re5 23. f3 h5 24. e4 Be6 25. a5 b5 26. Rb1 Bc4 27. f4
Rxe4 28. Bxb5 Rb8 0-1

[Event "MacAdam mem"]
[Site "Victoria CAN"]
[Date "2003.01.19"]
[Round "5"]
[White "Moore, Harry"]
[Black "Neufahrt, Gerhard"]
[Result "1-0"]
[WhiteElo "2277"]
[BlackElo "2005"]
[PlyCount "37"]
[EventDate "2003.01.18"]
[EventType "swiss"]
[EventRounds "5"]
[EventCountry "CAN"]

1. e4 e5 2. f4 d5 3. exd5 e4 4. Nc3 Nf6 5. Qe2 Qe7 6. d3 exd3 7. Qxe7+ Bxe7 8.
Bxd3 Bb4 9. Bd2 Bxc3 10. Bxc3 Nxd5 11. Bxg7 Rg8 12. Be5 f6 13. Bxh7 Rg7 14. Be4
fxe5 15. Bxd5 exf4 16. Ne2 c6 17. Bf3 Bg4 18. Bxg4 Rxg4 19. O-O 1-0

[Event "MacAdam mem"]
[Site "Victoria CAN"]
[Date "2003.01.19"]
[Round "5"]
[White "Planas, Rodolfo"]
[Black "Katunar, Chad"]
[Result "1-0"]
[WhiteElo "1542"]
[BlackElo "1161"]
[PlyCount "43"]
[EventDate "2003.01.18"]
[EventType "swiss"]
[EventRounds "5"]
[EventCountry "CAN"]

1. d4 Nf6 2. Bf4 d6 3. e3 g6 4. c3 Bg7 5. Nd2 O-O 6. Be2 d5 7. g4 b6 8. h4 Ba6
9. Bf3 h6 10. g5 hxg5 11. hxg5 Nh7 12. Nh3 f6 13. Rg1 f5 14. Bh1 Bd3 15. Nf3
Be4 16. Nh4 Bxh1 17. Nxg6 Be4 18. Nxf8 Nxf8 19. f3 Bxf3 20. Qxf3 Ng6 21. Bh2
Nh4 22. Qh5 1-0

[Event "Mad Rapid"]
[Site "Vancouver CAN"]
[Date "2003.08.23"]
[Round "1"]
[White "Wang, Yamei"]
[Black "Beqo, Besnik"]
[Result "1/2-1/2"]
[WhiteElo "1902"]
[BlackElo "2172"]
[PlyCount "61"]
[EventDate "2003.08.23"]
[EventType "swiss (rapid)"]
[EventRounds "5"]
[EventCountry "CAN"]

1. e4 e5 2. Nf3 Nc6 3. Bc4 Nf6 4. d3 Be7 5. c3 O-O 6. O-O d6 7. h3 Na5 8. Bb3
Nxb3 9. axb3 Re8 10. Bg5 h6 11. Be3 a6 12. Nbd2 Bf8 13. Ne1 d5 14. Nc2 Be6 15.
f4 exf4 16. Bxf4 dxe4 17. dxe4 Qd3 18. Rf3 Bc5+ 19. Kh2 Qd8 20. Qf1 Nh5 21. Rd3
Qe7 22. Nd4 Nxf4 23. Qxf4 Rad8 24. N2f3 Ba7 25. Rad1 c5 26. Nxe6 Rxd3 27. Rxd3
Bb8 28. e5 Qxe6 29. Re3 f6 30. Qe4 fxe5 31. c4 1/2-1/2

[Event "Manitoba-ch U20"]
[Site "Winnipeg CAN"]
[Date "2003.11.22"]
[Round "1"]
[White "Taylor, Evan"]
[Black "Lipnowski, Samuel"]
[Result "0-1"]
[WhiteElo "1305"]
[BlackElo "2173"]
[PlyCount "44"]
[EventDate "2003.11.22"]
[EventType "swiss"]
[EventRounds "5"]
[EventCountry "CAN"]

1. Nf3 Nf6 2. d4 g6 3. c4 Bg7 4. Nc3 O-O 5. e4 d6 6. Be2 Bg4 7. O-O Nfd7 8. Be3
c5 9. d5 Na6 10. h3 Bxf3 11. Bxf3 Nc7 12. Be2 Re8 13. f4 e6 14. Bd3 exd5 15.
cxd5 b5 16. Nxb5 Nxb5 17. Bxb5 Rxe4 18. Bc1 Rb8 19. Bxd7 Qxd7 20. Qf3 Reb4 21.
a3 Rb3 22. Qf2 Bd4 0-1

[Event "Manitoba-ch U20"]
[Site "Winnipeg CAN"]
[Date "2003.11.22"]
[Round "1"]
[White "Vincent, Trevor"]
[Black "Still, Graham"]
[Result "1-0"]
[WhiteElo "2094"]
[BlackElo "1209"]
[PlyCount "55"]
[EventDate "2003.11.22"]
[EventType "swiss"]
[EventRounds "5"]
[EventCountry "CAN"]

1. c4 e5 2. g3 Nf6 3. Bg2 c6 4. d4 Bb4+ 5. Bd2 Bxd2+ 6. Qxd2 Qc7 7. Nc3 d6 8.
e3 Be6 9. d5 cxd5 10. cxd5 Bf5 11. Rc1 Nbd7 12. Nb5 Qb6 13. Nc7+ Ke7 14. Nxa8
Rxa8 15. f3 Qb5 16. e4 Bg6 17. Ne2 Nc5 18. Nc3 Qd3 19. Rd1 Qc4 20. Bf1 Qb4 21.
Bg2 Nfd7 22. O-O f5 23. exf5 Bxf5 24. Qg5+ Ke8 25. Qxf5 Qxb2 26. Ne4 Nxe4 27.
fxe4 Nf6 28. Qe6+ 1-0

[Event "Manitoba-ch U20"]
[Site "Winnipeg CAN"]
[Date "2003.11.22"]
[Round "2"]
[White "Lipnowski, Samuel"]
[Black "Hogeveen Rutter, Alexander"]
[Result "1-0"]
[WhiteElo "2173"]
[BlackElo "1735"]
[PlyCount "59"]
[EventDate "2003.11.22"]
[EventType "swiss"]
[EventRounds "5"]
[EventCountry "CAN"]

1. e4 c5 2. Nf3 Nc6 3. d4 cxd4 4. Nxd4 g6 5. Nc3 Bg7 6. Be3 Nf6 7. Nxc6 bxc6 8.
e5 Ng8 9. Bd4 c5 10. Bxc5 Bxe5 11. Qd5 Bxc3+ 12. bxc3 Qa5 13. Kd2 Rb8 14. Bc4
Bb7 15. Qxf7+ Kd8 16. Qf8+ Kc7 17. Qf4+ d6 18. Bd4 Nf6 19. Rhe1 Rhe8 20. Bf7 e5
21. Qxf6 exd4 22. Re7+ Rxe7 23. Qxe7+ Kc6 24. Qe4+ Kc7 25. Qxd4 Rf8 26. Re1
Qg5+ 27. f4 Qxg2+ 28. Re2 Qg4 29. Re7+ Kc8 30. Be6+ 1-0

[Event "Manitoba-ch U20"]
[Site "Winnipeg CAN"]
[Date "2003.11.22"]
[Round "2"]
[White "Taylor, Jasper"]
[Black "Still, Graham"]
[Result "0-1"]
[WhiteElo "1476"]
[BlackElo "1209"]
[PlyCount "59"]
[EventDate "2003.11.22"]
[EventType "swiss"]
[EventRounds "5"]
[EventCountry "CAN"]

1. d4 d5 2. c4 e6 3. Nc3 Nf6 4. Bg5 Bb4 5. Qc2 O-O 6. e3 Nbd7 7. Nf3 Qe8 8. Bd3
dxc4 9. Bxc4 e5 10. O-O exd4 11. Nxd4 Nb6 12. Bd3 Bxc3 13. Qxc3 Nbd5 14. Qc5 b6
15. Qc6 Bd7 16. Qc4 a6 17. Bxf6 Nxf6 18. Qxc7 Nd5 19. Qg3 Qc8 20. Rac1 Qb7 21.
Rfd1 Nb4 22. Bb1 Rac8 23. Rxc8 Rxc8 24. Nf5 Bxf5 25. Bxf5 Re8 26. Rd7 Qc6 27.
Qd6 Qc1+ 28. Qd1 Qxd1+ 29. Rxd1 Nxa2 30. Rd6 0-1

[Event "Manitoba-ch U20"]
[Site "Winnipeg CAN"]
[Date "2003.11.22"]
[Round "2"]
[White "Zaczek, Jonathan"]
[Black "Vincent, Trevor"]
[Result "1/2-1/2"]
[WhiteElo "1753"]
[BlackElo "2094"]
[PlyCount "56"]
[EventDate "2003.11.22"]
[EventType "swiss"]
[EventRounds "5"]
[EventCountry "CAN"]

1. e4 c5 2. Nf3 Nc6 3. d4 cxd4 4. Nxd4 g6 5. c4 Bg7 6. Be3 Nh6 7. Be2 d6 8. Qd2
Ng4 9. Bxg4 Bxg4 10. Nc3 O-O 11. O-O Qa5 12. Rac1 Rac8 13. b3 a6 14. f3 Nxd4
15. Bxd4 Bxd4+ 16. Qxd4 Be6 17. Rf2 Qc5 18. Qxc5 Rxc5 19. Nd5 Bxd5 20. exd5
Rfc8 21. Re1 R8c7 22. Rd2 b5 23. cxb5 Rxb5 24. Kf2 f5 25. f4 Kf7 26. Kf3 Rcc5
27. Rde2 Rc3+ 28. Kf2 Rc7 1/2-1/2

[Event "Manitoba-ch U20"]
[Site "Winnipeg CAN"]
[Date "2003.11.22"]
[Round "3"]
[White "Hogeveen Rutter, Alexander"]
[Black "Taylor, Jasper"]
[Result "1-0"]
[WhiteElo "1735"]
[BlackElo "1476"]
[PlyCount "61"]
[EventDate "2003.11.22"]
[EventType "swiss"]
[EventRounds "5"]
[EventCountry "CAN"]

1. e4 c6 2. d4 d5 3. e5 Bf5 4. c4 e6 5. Nc3 Bb4 6. a3 Bxc3+ 7. bxc3 Ne7 8. Bg5
O-O 9. Nf3 h6 10. Bh4 Re8 11. Qb3 b6 12. cxd5 cxd5 13. Bb5 Kf8 14. Bxe8 Qxe8
15. O-O Nbc6 16. Rac1 Na5 17. Qb4 Nc4 18. Rfd1 Rc8 19. Nd2 Nxd2 20. Rxd2 Rc7
21. h3 Kg8 22. Bxe7 Qxe7 23. Qxe7 Rxe7 24. c4 Rc7 25. c5 bxc5 26. dxc5 Rc6 27.
Rb2 d4 28. Rb8+ Kh7 29. Rb7 d3 30. Rd7 Bg6 31. Rd6 1-0

[Event "Manitoba-ch U20"]
[Site "Winnipeg CAN"]
[Date "2003.11.22"]
[Round "3"]
[White "Still, Graham"]
[Black "Zaczek, Jonathan"]
[Result "0-1"]
[WhiteElo "1209"]
[BlackElo "1753"]
[PlyCount "46"]
[EventDate "2003.11.22"]
[EventType "swiss"]
[EventRounds "5"]
[EventCountry "CAN"]

1. d4 Nf6 2. c4 g6 3. f4 Bg7 4. Nc3 O-O 5. e4 d6 6. Nf3 c5 7. Be3 cxd4 8. Bxd4
Nc6 9. Be3 Qa5 10. Bd2 Qb6 11. Bd3 Ng4 12. Qe2 Nd4 13. Be3 Nxe3 14. Nxd4 Bxd4
15. Rc1 Bd7 16. a3 Qb3 17. h3 Rac8 18. g4 Be6 19. f5 Bxc4 20. Bxc4 Nxc4 21. Qd3
Bxc3+ 22. Rxc3 Qxb2 23. Rf1 Ne5 0-1

[Event "Manitoba-ch U20"]
[Site "Winnipeg CAN"]
[Date "2003.11.22"]
[Round "3"]
[White "Vincent, Trevor"]
[Black "Lipnowski, Samuel"]
[Result "0-1"]
[WhiteElo "2094"]
[BlackElo "2173"]
[PlyCount "56"]
[EventDate "2003.11.22"]
[EventType "swiss"]
[EventRounds "5"]
[EventCountry "CAN"]

1. c4 Nf6 2. g3 c5 3. Bg2 e6 4. Nf3 Be7 5. O-O O-O 6. d4 cxd4 7. Nxd4 a6 8. Qc2
Qc7 9. Rd1 Nc6 10. Nxc6 dxc6 11. Nc3 e5 12. e4 Be6 13. b3 Bc5 14. Na4 Bd4 15.
Bb2 Bxb2 16. Qxb2 Nd7 17. Rac1 Rfd8 18. Rd2 b5 19. cxb5 axb5 20. Nc5 Nxc5 21.
Rxc5 f6 22. Rxd8+ Rxd8 23. Qc2 Rd6 24. Kf1 Qb6 25. Ke2 Bc4+ 26. Rxc4 bxc4 27.
Qxc4+ Kf8 28. a4 Rd4 0-1

[Event "Manitoba-ch U20"]
[Site "Winnipeg CAN"]
[Date "2003.11.23"]
[Round "4"]
[White "Lipnowski, Samuel"]
[Black "Zaczek, Jonathan"]
[Result "1-0"]
[WhiteElo "2173"]
[BlackElo "1753"]
[PlyCount "45"]
[EventDate "2003.11.22"]
[EventType "swiss"]
[EventRounds "5"]
[EventCountry "CAN"]

1. d4 Nf6 2. c4 g6 3. Nc3 Bg7 4. e4 d6 5. Be2 O-O 6. Bg5 c5 7. dxc5 dxc5 8.
Qxd8 Rxd8 9. e5 Nfd7 10. f4 f6 11. exf6 exf6 12. Bh4 Nc6 13. Nf3 Nb6 14. O-O
Be6 15. b3 Rd7 16. Ne4 f5 17. Nf6+ Bxf6 18. Bxf6 Nc8 19. Rad1 Nd6 20. Ng5 Bf7
21. Bf3 h6 22. Bxc6 bxc6 23. Nf3 1-0

[Event "Manitoba-ch U20"]
[Site "Winnipeg CAN"]
[Date "2003.11.23"]
[Round "4"]
[White "Taylor, Evan"]
[Black "Hogeveen Rutter, Alexander"]
[Result "0-1"]
[WhiteElo "1305"]
[BlackElo "1735"]
[PlyCount "51"]
[EventDate "2003.11.22"]
[EventType "swiss"]
[EventRounds "5"]
[EventCountry "CAN"]

1. g3 g6 2. Bg2 Bg7 3. c3 c5 4. Nf3 Nc6 5. O-O Nf6 6. d3 O-O 7. Nbd2 d5 8. e3
e5 9. Nh4 Be6 10. f4 exf4 11. exf4 Bg4 12. Qb3 Qd7 13. Nhf3 Rfe8 14. d4 cxd4
15. cxd4 Ne4 16. Ne5 Nxd4 17. Qb4 Bxe5 18. fxe5 Ne2+ 19. Kh1 Nxc1 20. Raxc1
Nxd2 21. Qxd2 Rxe5 22. Rf4 Rd8 23. Qd4 Rde8 24. Kg1 Bh3 25. Qf2 Bxg2 26. Kxg2
0-1

[Event "Manitoba-ch U20"]
[Site "Winnipeg CAN"]
[Date "2003.11.23"]
[Round "5"]
[White "Taylor, Jasper"]
[Black "Lipnowski, Samuel"]
[Result "0-1"]
[WhiteElo "1476"]
[BlackElo "2173"]
[PlyCount "36"]
[EventDate "2003.11.22"]
[EventType "swiss"]
[EventRounds "5"]
[EventCountry "CAN"]

1. d4 Nf6 2. c4 g6 3. Nc3 Bg7 4. e4 d6 5. Nf3 O-O 6. Be2 Bg4 7. O-O Nfd7 8. Qd3
Nc6 9. d5 Bxf3 10. Qxf3 Nd4 11. Qd3 c5 12. Bd2 Ne5 13. Qb1 Nxe2+ 14. Nxe2 Nxc4
15. Bc3 Bxc3 16. Nxc3 Nd2 17. Qc1 Nxf1 18. Kxf1 Qa5 0-1